Esculturas egipcias

Salvato in:
Dettagli Bibliografici
Autore principale: James, T. G. H (Autore)
Natura: Libro
Lingua:spagnolo
Pubblicazione: Ciudad de México Hermes 1966
Serie:Colección Unesco-Hermes bolsilibros de Arte, 17
Soggetti:
Tags: Aggiungi Tag
Nessun Tag, puoi essere il primo ad aggiungerne!!

MARC

LEADER 00000nam a2200000 a 4500
001 UCO1819
003 CL-VaPUC
008 000519e19660000MX |||||||||||||||||spa|d
082 0 4 |a 732.8  |b JAM  |2 21 
100 0 |a James, T. G. H  |e author  |9 444343 
245 1 0 |a Esculturas egipcias 
300 |a 24 p 
942 |c BK 
945 |d 20000519 00:00:00  |a rbrito 
260 |a Ciudad de México  |b Hermes  |c 1966 
650 7 |a ESCULTURA EGIPCIA  |2 CL-VaPUC  |9 330758 
650 7 |a ESCULTORES EGIPCIOS  |2 CL-VaPUC  |9 444344 
650 7 |a ESCULTURA ANTIGUA EGIPCIA  |2 CL-VaPUC  |9 444345 
583 |a last modification  |c 20000519 00:00:00  |k Rodrigo Vera 
490 0 |a Colección Unesco-Hermes bolsilibros de Arte, 17 
999 |c 288412  |d 288410 
952 |0 0  |1 0  |4 0  |6 732_800000000000000_JAM_1966  |7 0  |8 P  |9 336081  |a BIBARQ  |b BIBARQ  |d 2019-11-20  |i 3620646  |o 732.8 JAM 1966  |p 3620646  |r 2025-01-20  |w 2019-11-20  |y BK  |k ARQ